Politique Internationale en E - Statistiques

Statistiques générales
  • Ce quiz a été pris 116 fois
  • Le résultat moyen est 7 sur 10
Statistiques - réponses
Hint Réponse % Correct
Chef de l’État turc depuis 2014, il est une figure majeure de l’autoritarisme contemporain et de la politique étrangère active au Moyen-Orient. Recep Tayyip Erdogan
98%
Physicien d’origine allemande célèbre pour ses apports à la science, il s’est aussi engagé en faveur de la paix et contre les armes nucléaires après la Seconde Guerre mondiale. Albert Einstein
89%
Pays de la Corne de l’Afrique, marqué par une histoire impériale ancienne, une diversité ethnique forte et des tensions politiques internes récurrentes, notamment dans la région du Tigré. Ethiopie
87%
Action de collecter clandestinement des informations politiques, militaires ou économiques, souvent entre pays rivaux. Espionnage
86%
Ancien président des États-Unis (1953-1961), il a été un acteur clé de la guerre froide après avoir été général en chef pendant la Seconde Guerre mondiale. Dwight D. Eisenhower
80%
Pays enclavé d’Afrique australe dirigé par une monarchie absolue, régulièrement critiqué pour ses atteintes aux libertés fondamentales. Eswatini
77%
Stratégie économique ou géopolitique consistant à interdire le commerce avec un pays afin de faire pression sur son gouvernement. Embargo
76%
Pratiques utilisées pour éviter ou contourner l’impôt, souvent via des paradis fiscaux, aux conséquences économiques et politiques majeures. Évasion fiscale
75%
Phénomène de contestation souvent violent de la part d'une population civile contre des autorités, à forte portée politique. Émeutes
55%
Concept d'organisation politique dans laquelle l’État constitue l’unité politique, administrative et juridique d’un peuple sur un territoire donné. État-nation
20%
Aucun quiz correspondant
Distribution des résultats
% des personnes avec chaque résultat
Percentile par nombre de réponses
Votre historique - résultats
Vous n’avez pas pris ce quiz